| 000 | 00512nam a2200193Ia 4500 | ||
|---|---|---|---|
| 005 | 20240605001205.0 | ||
| 008 | 240331s9999 xx 000 0 und d | ||
| 020 | _a1853830038 | ||
| 082 |
_bDAN _a304 |
||
| 100 | _aDankelman, I | ||
| 100 | _aDavidson,J | ||
| 245 | 0 |
_aWomen and environment in the third world : _balliance for future |
|
| 260 |
_aLondon _bEarthscan Publicatinos Limited _c1988 |
||
| 300 | _axiii,210 p., | ||
| 650 | _aWomen | ||
| 650 | _aEnvironment | ||
| 650 | _aThird World | ||
| 942 | _cL | ||
| 999 |
_c1478 _d1478 |
||